000 00496nam a2200181Ia 4500
005 20250326141420.0
008 250326s9999 xx 000 0 und d
037 _aTextbook
040 _aFMSL
_beng
_cFMSL
041 _aeng
_2eng
084 _qFMSL
100 _aGandhi Meeta Etc.
245 0 _a'C' Odysseyadvanced DOS:the uncharted waters.
_cGandhi Meeta Etc.
260 _aNew Delhi
_bNew Delhi, B P B publisher.
_c1992
300 _a518p
942 _cTB
999 _c1290205
_d1290205